00481cam a2200193 a 4500001000800000005001700008008004100025010001700066020001500083020002700098040001800125041000800143080001200151082001600163100000700179101000800186245006300194504003000257194899320171222092519.0870610s1987 vaua b 001 0 eng  a 87010229  a0809464004 a0809464012 (lib. bdg.) aDLCcDLCdDLC aeng a930 GRU00a930 GRU219 a45 aARK04aThe Age of god-kings :cby the editors of Time-Life Books. aBibliography: p. 168-169.